00989nam a2200241 a 450000100100000000500170001000800410002702000150006804000250008308200150010824501420012326000400026530000280030549000120033350001250034570000480047070000340051870000380055283000180059004900090060895201130061799900170073000001276820200929163054.0091117s2004 dr a 000 0 spa d a8482616803 aDO-SdBNPbspacBNPHU axxxxbM42500aMatemáticas 2. /cdirección editorial Obdulia García de Escobar ; ilustración Juan Pablo Féliz ; editor Andrés Molina Moloon. aSanto Domingo :bSantillana,c2004. a191 p. :bil. ;c28 cm.1 aÁmbar aEste libro ha sido realizado de conformidad con el currículum vigente y ha sido sometido a la aprobobación de la SEE1 aGarcía Escobar, Obdulia,edir. ed.9295601 aFliz, Juan Pablo,eil.9295631 aMolina Maloon, Andrs,eed.929564 0aÁmbar96599 aBNPD 0010718PDaPDbPDcCTd2009-11-17iLF1l0oxxxx M425p12768-10r2020-06-25w2020-06-25yLFPDZNo se presta c12419d12419